Las etapas de la rehabilitación: estudio sociológico en torno al proceso rehabilitador seguido por 194 minusválidos
Guardat en:
| Autor principal: | |
|---|---|
| Format: | Llibre |
| Idioma: | espanyol |
| Publicat: |
Madrid
Instituto Nacional de Servicios Sociales
1980
|
| Col·lecció: | Colección Rehabilitación
|
| Matèries: | |
| Etiquetes: |
Afegir etiqueta
Sense etiquetes, Sigues el primer a etiquetar aquest registre!
|
MARC
| LEADER | 00000nam a2200000 a 4500 | ||
|---|---|---|---|
| 001 | UCZ7989 | ||
| 003 | CL-VaPUC | ||
| 008 | 960112e19800000SP |||||||||||||||||spa|d | ||
| 082 | 0 | 4 | |a 362.4 |b BLA |2 21 |
| 100 | 0 | |a Blaxter, Mildren |e author |9 353050 | |
| 245 | 1 | 4 | |a Las etapas de la rehabilitación: estudio sociológico en torno al proceso rehabilitador seguido por 194 minusválidos |
| 300 | |a 261 p | ||
| 942 | |c BK | ||
| 945 | |d 19960112 00:00:00 |a cmena | ||
| 260 | |a Madrid |b Instituto Nacional de Servicios Sociales |c 1980 | ||
| 650 | 7 | |a MINUSVALIDOS |2 CL-VaPUC |9 310184 | |
| 650 | 0 | |a Sociología |9 255410 | |
| 650 | 0 | |a Problemas sociales |9 258537 | |
| 650 | 0 | |a Atención médica |9 337119 | |
| 650 | 0 | |a Ciencias sociales |v Investigación |9 307767 | |
| 650 | 0 | |a Servicios sociales |9 338304 | |
| 650 | 0 | |a Educación especial |9 307486 | |
| 583 | |a last modification |c 19960112 00:00:00 |k Rodrigo Vera | ||
| 490 | 0 | |a Colección Rehabilitación | |
| 999 | |c 243959 |d 243957 | ||
| 952 | |0 0 |1 0 |4 0 |6 362_400000000000000_BLA_1980 |7 0 |8 P |9 257847 |a BIBEDU |b BIBEDU |c BIBEDU_PB |d 2019-11-19 |i 1615254 |o 362.4 BLA 1980 |p 1615254 |r 2024-01-25 |w 2019-11-19 |y BK |k EDU | ||